Historical gloss and the separation of powers (Record no. 101565)

000 -LEADER
fixed length control field 00423pab a2200169 454500
008 - FIXED-LENGTH DATA ELEMENTS--GENERAL INFORMATION
fixed length control field 180718b2012 xxu||||| |||| 00| 0 eng d
100 ## - MAIN ENTRY--PERSONAL NAME
Personal name Bradley, Curits A.
245 ## - TITLE STATEMENT
Title Historical gloss and the separation of powers
260 ## - PUBLICATION, DISTRIBUTION, ETC.
Date of publication, distribution, etc. 2012
300 ## - PHYSICAL DESCRIPTION
Extent p.412-485.
362 ## - DATES OF PUBLICATION AND/OR SEQUENTIAL DESIGNATION
Dates of publication and/or sequential designation Dec
650 ## - SUBJECT ADDED ENTRY--TOPICAL TERM
Topical term or geographic name entry element Seperation of powers
700 ## - ADDED ENTRY--PERSONAL NAME
Personal name Morrison, Trevor W.
773 ## - HOST ITEM ENTRY
Main entry heading Harvard Law Review
908 ## - PUT COMMAND PARAMETER (RLIN)
Put command parameter N
909 ## -
-- 101567
Holdings
Withdrawn status Lost status Damaged status Not for loan Permanent Location Current Location Date acquired Serial Enumeration / chronology Barcode Date last seen Price effective from Koha item type
        Indian Institute of Public Administration Indian Institute of Public Administration 2018-07-19 Volume no: 126, Issue no: 2 AR102027 2018-07-19 2018-07-19 Articles

Powered by Koha